Statistics for Mono Words

Click here to take the quiz!

General Stats

  • This quiz has been taken 7,908 times
    (7,894 since last reset)
  • The average score is 10 of 17

Answer Stats

Definition Word % Correct
The control of an entire market by a single companyMonopoly
95%
A lengthy, uninterrupted speech in a play or novelMonologue
91%
An eyeglass for one eyeMonocle
90%
A train that runs on a single trackMonorail
88%
The practice of being married to only one person at a timeMonogamy
87%
A style of speaking with no variation in pitch, volume, or inflectionMonotone
85%
Knowing only a single languageMonolingual
78%
Someone who only believes in one godMonotheist
76%
Having only a single colorMonochromatic
68%
Something made from one large block of stoneMonolith
66%
A design composed of one or more letters, used as an identifying markMonogram
60%
A chemical compound that has a single oxygen atomMonoxide
45%
The full name of a contagious disease known as "mono" for shortMononucleosis
44%
The cultivation of a single crop, or, a society with no diversityMonoculture
28%
Group of animals that includes echidnas and platypusesMonotremes
16%
Mental disorder characterized with an unhealthy obsession with some particular thingMonomania
15%
Having a one-word name such as Prince or CherMononymous
10%

Score Distribution

Percentile by Number Answered

Percent of People with Each Score

Your Score History

You have not taken this quiz since the last reset